Quizzes
Events
Quiz Creation
Community
Videos
Private Events
Remove Ads
Sign In
Join for FREE
Feedback
Dark Mode
Quiz Categories
Sports
Geography
Music
Movies
Television
Just For Fun
Miscellaneous
History
Literature
Language
Science
Gaming
Entertainment
Religion
Holiday
For Kids
Quiz Lab
Recent
Popular Today
Quiz Kudos Today
Editor Picks
Curator Picks
Quizzes by...
Day
Popularity
Type
Ratings
Length
Year
Community
Subscriptions
Recent Discussions
Orange Saloon
Badges
Playlists
Quests
Create
Leaderboards
Showdown
Live 5
Trivia Bingo
Activity
Puzzle Library
Sporcle Events
Private Events
Virtual Trivia
Globe League
Become a Host
Pub Owners
SporcleCon
Opinionation
Our Games
Videos
Blog
Mobile Apps
Partnerships
Remove Ads and Go Orange
Feedback
Geography
Country
Landmarks
City
State
Population
World
Capital
Continent
Flags
Europe
Africa
Asia
South America
North America
Oceania
Border
Canada
United Kingdom
Topography
United States
Geography
Country
Landmarks
City
State
Population
World
Capital
Continent
Flags
Europe
Africa
Asia
South America
North America
Oceania
Border
Canada
United Kingdom
Topography
United States
Random Quiz
Search Sporcle
×
Quiz Lab
Quiz Lab
Geography
Country
Type in answers that appear in a list
Type in answers that appear in a list
Classic
Best Score? Go Orange.
Salt Lake City Int'l Airport Destinations (8-12-22) Stats
Can you name the Salt Lake City Int'l Airport Destinations?
By
jayman100
15m
94 Questions
158 Plays
158 Plays
158 Plays
Comments
Comments
Give Quiz Kudos
Give Quiz Kudos
-
- Ratings
hide this ad
Replay
Link that replays current quiz
Next Quiz
Link to next quiz in quiz playlist
You Got
0%
They Got
Avg Score
80%
Avg Friend Score
Upgrade to see
Score Distribution
Jump to the score distribution portion of the page
Score
0/94
Timer
15:00
0
Plays Today
Airline
City
% Correct
Delta, KLM
Amsterdam
98.7%
American, American Eagle, Delta, Frontier, Southwest
Phoenix-Sky Harbor
98.1%
Alaska, American Eagle, Delta, Delta Connection, JetBlue, Southwest, Spirit, United Express
Los Angeles
98.1%
Delta, Frontier, Southwest, United, United Express
Denver
98.1%
Alaska, Delta
Anchorage
98.1%
American, American Eagle, Delta, United, United Express
Chicago-O'Hare
97.5%
Delta
Boise
97.5%
Alaska, Delta, Southwest
San Diego
97.5%
Delta
Atlanta
96.8%
Delta, Delta Connection, Southwest
Austin
96.8%
Delta, JetBlue
Boston
96.8%
Alaska, Delta
Seattle-Tacoma
96.2%
American, Delta
Miami
96.2%
Delta, JetBlue
New York-JFK
96.2%
Southwest
Dallas-Love
96.2%
Delta, Southwest
Baltimore
95.6%
Delta, Frontier, Southwest, Spirit
Las Vegas
95.6%
Southwest
Chicago-Midway
95.6%
Southwest
Houston-Hobby
95.6%
Alaska, Delta, United, United Express
San Francisco
94.9%
Delta, Delta Connection
Albuquerque
94.9%
Delta
Honolulu
94.9%
Delta, JetBlue, Spirit
Orlando
94.9%
Alaska, Delta
Portland
94.3%
American, Delta
Philadelphia
94.3%
Delta, United
Newark
94.3%
Delta
Paris-Charles de Gaulle
94.3%
Delta Connection
Oklahoma City
94.3%
Delta
London-Heathrow
93.7%
Delta
Minneapolis-St. Paul
93.7%
Delta, Delta Connection
Reno-Tahoe
93.7%
Delta, Delta Connection, Southwest
Sacramento
93.7%
Airline
City
% Correct
Delta
Calgary
93.7%
American, Delta
Charlotte
93%
American, Delta
Dallas-Fort Worth
93%
Delta
Cancun
93%
Delta
Memphis
93%
Delta
New Orleans
93%
Delta, Delta Connection
San Antonio
93%
Delta, Delta Connection, Southwest
St. Louis
93%
Air Canada, Delta
Toronto-Pearson
93%
Delta
Detroit
92.4%
Delta, Delta Connection
Milwaukee
92.4%
Delta, Southwest
Nashville
92.4%
Delta, Delta Connection
Vancouver
92.4%
Eurowings Discover
Frankfurt
91.9%
Delta
Kansas City
91.8%
Delta, Delta Connection, Southwest
Oakland
91.8%
Delta
Raleigh-Durham
91.8%
Delta, Delta Connection, Southwest
San Jose
91.1%
Delta Connection
Omaha
91.1%
Delta, JetBlue
Fort Lauderdale
90.5%
Delta Connection
Colorado Springs
90.5%
Delta Connection
Tucson
90.5%
Delta, United, United Express
Houston-Intercontinental
89.9%
Delta Connection
Tulsa
89.9%
Delta, Delta Connection
Billings
89.2%
Delta
Washington-Dulles
89.2%
Delta
Cincinnati
88.6%
Delta, Delta Connection
Bozeman
88%
Delta
Tampa
88%
Delta, Delta Connection
Jackson Hole
86.1%
Delta, Delta Connection
Spokane
86.1%
Delta, Delta Connection
Burbank
86.1%
Airline
City
% Correct
Delta
Washington-National
85.4%
Delta, Delta Connection
Ontario
83.5%
Delta, Delta Connection
Long Beach
82.9%
Delta, Southwest
Orange County
82.9%
Delta Connection
Eugene
82.9%
Delta Connection
Fresno
82.9%
Delta Connection
Idaho Falls
82.9%
Aeromexico
Guadalajara
82.3%
Delta Connection
Casper
78.5%
Delta Connection
Helena
77.2%
Delta Connection
Rapid City
76.6%
Delta Connection
St. George
76.6%
Delta, Delta Connection
Missoula
72.8%
Delta
Kahului
72.8%
Delta Connection
Medford
72.2%
Delta, Delta Connection
Kalispell
71.5%
Delta Connection
Palm Springs
70.9%
Delta Connection
Great Falls
65.8%
Delta
Puerto Vallarta
64.6%
Delta
San Jose del Cabo
62.7%
Delta Connection
Elko
62.7%
Delta Connection
Redmond
61.4%
Delta Connection
Pocatello
60.1%
Delta Connection
Sun Valley
55.1%
Delta Connection
Twin Falls
51.9%
Delta Connection
Cedar City
50.6%
Delta Connection
Lewiston
47.5%
Delta Connection
Tri-Cities
46.2%
Delta Connection
Moab
43.2%
Delta Connection
West Yellowstone
36.1%
Quiz Playlist
Details
Report
Send in Message
Add To Playlist
Classic:
Type in answers that appear in a list
Last Updated: Aug 12, 2022
Quiz Scoreboard
CHALLENGE
Sign Up to Join the Scoreboard
Show All
Scores
Hide
Comments
May contain spoilers
Recently Published
Billboard Blitz: Fleetwood Mac
by CooCooCachoo
Music
15s
Presidents Visiting Landmarks
by Hejman
History
7m
An Introduction to Baseball
by treessimontrees
Sports
5m
More to Explore
Quiz From the Vault
Featured Blog Post
Where Did the Easter Bunny Come From?
hide this ad
You Might Also Like...
Tags
City Quiz
Country Quiz
State Quiz
Airline
airport
destination
intl
lake
salt
Salt Lake
Today's Top Quizzes in Geography
Browse Geography
hide this ad
Today's Top Quizzes in Country
Browse Country
Top Contributed Quizzes in Geography
1
Countries of the World - No Outlines Minefield
2
Top 25 Cities of France on a map
3
Any capital of a 'B' country per Continent
4
Any capital of a 'C' country per Continent
5
Closest Countries to UK A-Z
6
Any capital of a 'D' country per Continent
7
5-to-1: US Geography No Hints
8
One Thing in Common: United Kingdom
9
Any capital of an 'E' country per Continent
10
Any capital of an 'F' country per Continent
Explore More
Trending Topics
Marvel
Kpop
Anime
NBA
Crossword
Harry Potter
Disney
Pokémon
Country
NFL
Song
The Office
Puzzle
Soccer
WWE
hide this ad
More By:
jayman100
Quiz
Plays
Rating
Category
Featured
Created
Atlanta Int'l Airport Destinations (7-30-22)
368
4.00
Geography
Feb 9, 2020
Raleigh/Durham Int'l Airport Destinations (7-23-22)
312
3.25
Geography
Dec 19, 2018
Miami Int'l Airport Destinations (8-1-22)
271
3.75
Geography
Feb 9, 2020
Chicago-O'Hare Int'l Airport Destinations (8-5-22)
260
4.00
Geography
Feb 13, 2020
Denver Int'l Airport Destinations (8-12-22)
251
4.50
Geography
Feb 20, 2020
Go to Creator's Profile
Score Distribution
Quiz Creator Spotlight
jayman100
Follow
Send a Message
Quizzes Created
-
Created Quiz Play Count
-
More By This Creator
Popular Quizzes Today
1
Find the US States - No Outlines Minefield
2
Find the Countries of Europe - No Outlines Minefield
3
The Countries of the World
4
Find the US States
5
US States
6
Risky Map Clicking: Biggest States A-Z
7
Popular People in 1961
8
Movies - When Are They Set?
More Geography Quizzes
Africa Countries in Squares
Published
Trending Quizzes
Risky Map Clicking: Least Populous States A-Z
1-10 Letter G Words
1-10 Letter F Words
Risky Map Clicking: Next State Alphabetically
Risky Map Clicking: Biggest States A-Z
Recently Updated
Leaping Animals
pecheneg
Reality TV Shows (A-Z)
bhenderson79
Rickey Henderson's Hall of Fame Teammates
pecheneg
Champions League XIs: Arsenal
pecheneg
Quick Pick: Celebrities in WWE's Hall of Fame
aduchscher
A-Z Keypad Blitz II
pecheneg
Multiple Oscar Actors
pecheneg
Mystery Phrase Blitz: Oscar 'Best Actors'
pecheneg
F. Scott Fitzgerald Novels
LTH
Pick 3 Villains
ddd62291
Trending Topics
Crossword
Kpop
Anime
NBA
Harry Potter
Marvel
Disney
Song
The Office
WWE
Country
Pokémon
Puzzle
Soccer
NFL
Your Account Isn't Verified!
In order to create a playlist on Sporcle, you need to verify the email address you used during registration. Go to your
Sporcle Settings
to finish the process.
Report this User
Report this user for behavior that violates our
Community Guidelines
.
Details:
Send Report
Go to the Sporcle.com Mobile Site →
Comments